000 01007nam a22003137a 4500
003 CHAP
005 20220329134659.0
008 971013s1985 r 00010 d
010 _a24134
011 _a25106
035 _a29206
040 _cCHAP
082 _a630.215
_bB7
100 0 0 _aBriggs, David J.
_915334
245 _aAgriculture and environment
_b: the physical geography of temperate agricultural systems
260 _aLondon :
_bLongman,
_c1985
300 _a442 p.
_b; gráfs.
590 _aBATCH-UPD
_b10
_c20130110
_lUCH01
_h1330
590 _aBATCH-UPD
_b10
_c20130410
_lUCH01
_h0835
590 _aBATCH-UPD
_b10
_c20130914
_lUCH01
_h1249
590 _aCONVERSION
_b10
_c20130109
_lUCH01
_h1314
650 1 4 _aEcología agrícola.
_935165
650 1 4 _aGeografía agrícola.
_947568
650 1 4 _aSistemas de cultivo.
_9106746
700 0 _aCourtney, Frank M.
_928653
901 _aBK
942 _cLIBRO
949 _a630.215 B7
_bBC
_cLIBRO
_d33724000028601
_eLIBRO
_gI. 136770
_h71945
_i29206
_si
999 _c24134
_d24134